000 00277nam a2200097Ia 4500
001 1045134
005 20250826232153.0
008 250824s9999 xx 000 0 und d
245 0 _aKAZIM KARABEKİRİN GÖZÜYLE YAKIN TARİHİMİZ
_cMUSTAFA ARMAĞAN
260 _bKETEBE YAYINLARI
999 _c1045134
_d1045134